00726nam a2200169 a 4500003000400000005001700004008003900021016001800060040001400078100002900092245023600121260008300357300002600440650002300466650003300489710003400522OSt20211227121538.0A00321s1972 sp 000 spa aDL M9661-1972 bcatcCDMR aSánchez Agesta, José10aConsensus y corrientes de opinión: Conferencia en el XXV curso, organizado por la Escuela Oficial de Periodismo de Madrid, en la Universidad Internacional Menéndez Pelayo de Santander, julio 1971 / cpor José Sánchez Agesta aMadrid : bPublicaciones de la Secretaría de la Escuela de Periodismo,c1972 a15 pàginesc; 22 cm00aOpinió pública00aConsens (Ciències socials)2 aEscuela Oficial de Periodismo